[Event "IECC Swiss-523.3"]
[Site "IECC email"]
[Date "2008.06.08"]
[Round "?"]
[White "Nocera, Michael"]
[Black "Bladyko, Pawel"]
[Result "0-1"]
[WhiteElo "1424"]
[BlackElo "1687"]
[PlyCount "52"]
[EventDate "2008.??.??"]
[EventType "tourn (corr)"]
[EventRounds "1"]
[SourceTitle "Corr 2011"]
[Source "ChessBase"]
[SourceDate "2010.08.31"]
[SourceVersion "1"]
[SourceVersionDate "2010.08.31"]
[SourceQuality "1"]
[WhiteTeam "US of America"]
[BlackTeam "Poland"]
[WhiteTeamCountry "USA"]
[BlackTeamCountry "POL"]

1. e4 e5 2. Nf3 Nc6 3. Bb5 a6 4. Bxc6 dxc6 5. Nc3 Bc5 6. 0-0 Qd6 7. d3 Bg4 8. Be3 0-0-0 9. Re1 Bxe3 10. Rxe3 Ne7 11. h3 Bh5 12. g4 Bg6 13. Nh4 f6 14. Nf5 Bxf5 15. gxf5 g6 16. Rg3 Kb8 17. a3 gxf5 18. Qh5 fxe4 19. Nxe4 Qe6 20. Rf1 Ng6 21. Kh2 Qa2 22. Nxf6 Qxb2 23. Qe2 b6 24. Re1 Qc3 25. Kh1 Rd4 26. Ng4 Re8 0-1

[Event "IECC CL5-2007.06 email"]
[Site "IECC email"]
[Date "2007.04.16"]
[Round "?"]
[White "Nocera, Michael"]
[Black "Allen, Ralph C"]
[Result "0-1"]
[WhiteElo "1473"]
[BlackElo "1490"]
[PlyCount "52"]
[EventDate "2007.??.??"]
[EventType "tourn (corr)"]
[EventRounds "4"]
[SourceTitle "Corr 2008"]
[Source "ChessBase"]
[SourceDate "2008.06.24"]
[SourceVersion "1"]
[SourceVersionDate "2008.06.24"]
[SourceQuality "1"]
[WhiteTeam "US of America"]
[BlackTeam "US of America"]
[WhiteTeamCountry "USA"]
[BlackTeamCountry "USA"]

1. d4 Nf6 2. c4 g6 3. Nc3 Bg7 4. e4 d6 5. f3 0-0 6. Be3 e5 7. Nge2 c6 8. d5 cxd5 9. Nxd5 Nxd5 10. Qxd5 Qc7 11. b3 Nc6 12. Nc3 Nd4 13. Bxd4 exd4 14. Nd1 Be6 15. Qg5 d3 16. Rc1 Be5 17. Bxd3 Qa5+ 18. Qd2 Qc5 19. f4 Bd4 20. f5 Bd7 21. g4 Rac8 22. Rf1 d5 23. f6 dxe4 24. Be2 e3 25. Qd3 Rfd8 26. b4 Qxb4+ 0-1

[Event "IECC CL5-2007.06 email"]
[Site "IECC email"]
[Date "2007.04.16"]
[Round "?"]
[White "Von Rosenberg, Clemens"]
[Black "Nocera, Michael"]
[Result "1/2-1/2"]
[WhiteElo "1651"]
[BlackElo "1515"]
[PlyCount "41"]
[EventDate "2007.??.??"]
[EventType "tourn (corr)"]
[EventRounds "4"]
[SourceTitle "Corr 2008"]
[Source "ChessBase"]
[SourceDate "2008.06.24"]
[SourceVersion "1"]
[SourceVersionDate "2008.06.24"]
[SourceQuality "1"]
[WhiteTeam "Germany"]
[BlackTeam "US of America"]
[WhiteTeamCountry "GER"]
[BlackTeamCountry "USA"]

1. Nf3 d5 2. g3 c5 3. Bg2 Nc6 4. d4 e6 5. 0-0 Qb6 6. dxc5 Bxc5 7. Nc3 Bd6 8. e4 d4 9. Na4 Qa6 10. Nxd4 Qxa4 11. Nxc6 Bc7 12. Qd4 Qxd4 13. Nxd4 Ne7 14. Nb5 Bb8 15. Rd1 0-0 16. Be3 Nc6 17. Bc5 Re8 18. Nd6 Bxd6 19. Rxd6 e5 20. Rad1 a5 21. a4 1/2-1/2

[Event "IECC KO-2089"]
[Site "IECC email"]
[Date "2007.03.26"]
[Round "?"]
[White "Mugica, Emiliano"]
[Black "Nocera, Michael"]
[Result "0-1"]
[WhiteElo "1247"]
[BlackElo "1474"]
[PlyCount "50"]
[EventDate "2007.??.??"]
[EventType "match (corr)"]
[EventRounds "2"]
[SourceTitle "Corr 2008"]
[Source "ChessBase"]
[SourceDate "2008.06.24"]
[SourceVersion "1"]
[SourceVersionDate "2008.06.24"]
[SourceQuality "1"]
[WhiteTeam "Argentina"]
[BlackTeam "US of America"]
[WhiteTeamCountry "ARG"]
[BlackTeamCountry "USA"]

1. e4 c6 2. Nc3 d5 3. Qf3 d4 4. Bc4 Nf6 5. e5 dxc3 6. exf6 cxd2+ 7. Bxd2 exf6 8. Qe2+ Qe7 9. Be3 Be6 10. 0-0-0 Nd7 11. Nf3 Bxc4 12. Qxc4 Qe6 13. Qxe6+ fxe6 14. Nd4 Kf7 15. f4 Bc5 16. f5 exf5 17. Nxf5 Bxe3+ 18. Nxe3 Ne5 19. Nf5 h5 20. Nd6+ Kg6 21. Nxb7 h4 22. g3 Ng4 23. Rd4 Kg5 24. Nd6 Rhf8 25. Nf7+ Rxf7 0-1

[Event "IECC KO-2089"]
[Site "IECC email"]
[Date "2007.03.26"]
[Round "?"]
[White "Nocera, Michael"]
[Black "Mugica, Emiliano"]
[Result "0-1"]
[WhiteElo "1501"]
[BlackElo "1239"]
[PlyCount "38"]
[EventDate "2007.??.??"]
[EventType "match (corr)"]
[EventRounds "2"]
[SourceTitle "Corr 2008"]
[Source "ChessBase"]
[SourceDate "2008.06.24"]
[SourceVersion "1"]
[SourceVersionDate "2008.06.24"]
[SourceQuality "1"]
[WhiteTeam "US of America"]
[BlackTeam "Argentina"]
[WhiteTeamCountry "USA"]
[BlackTeamCountry "ARG"]

1. e4 e5 2. Nf3 Nc6 3. Bb5 a6 4. Ba4 Nf6 5. 0-0 Be7 6. d3 0-0 7. Bxc6 dxc6 8. Nxe5 Bd6 9. Nf3 Re8 10. Re1 Bg4 11. Nbd2 Bb4 12. c3 Bc5 13. d4 Bb6 14. e5 Nd5 15. h3 Be6 16. Ne4 f6 17. Qc2 f5 18. Neg5 g6 19. Nf7 Bxf7 0-1

[Event "IECC CL5-2007.02 email"]
[Site "IECC email"]
[Date "2007.02.11"]
[Round "?"]
[White "Nocera, Michael"]
[Black "Mees, Lennu"]
[Result "1/2-1/2"]
[WhiteElo "1485"]
[BlackElo "1476"]
[PlyCount "53"]
[EventDate "2007.??.??"]
[EventType "tourn (corr)"]
[EventRounds "4"]
[SourceTitle "Corr 2008"]
[Source "ChessBase"]
[SourceDate "2008.06.24"]
[SourceVersion "1"]
[SourceVersionDate "2008.06.24"]
[SourceQuality "1"]
[WhiteTeam "US of America"]
[BlackTeam "Estonia"]
[WhiteTeamCountry "USA"]
[BlackTeamCountry "EST"]

1. e4 e5 2. Nf3 Nc6 3. Bb5 a6 4. Bxc6 dxc6 5. d4 exd4 6. Qxd4 Qxd4 7. Nxd4 Nf6 8. 0-0 Bc5 9. c3 0-0 10. Re1 Re8 11. e5 Ng4 12. Nd2 Rxe5 13. Ne4 Bxd4 14. cxd4 Re6 15. Bf4 Bd7 16. Nc5 Rxe1+ 17. Rxe1 Nf6 18. Bxc7 Re8 19. Rxe8+ Nxe8 20. Bb8 Bc8 21. f3 Nf6 22. Ne4 Nxe4 23. fxe4 f6 24. Kf2 Kf7 25. Kf3 Be6 26. b3 f5 27. exf5 1/2-1/2